Pensar la historia: modernidad, presente, progreso /

Obra que se pregunta sobre la problemática que enfrenta actualmente la ciencia de la historia y que tiene que ver con la relación entre la historia y el tiempo; con la tendencia actual de los historiadores a distinguir períodos históricos de larga duración, que lleva a una historia "casi inmóvil"; c...

Повний опис

Збережено в:
Бібліографічні деталі
Автор: Le Goff, Jacques (autor)
Формат: Книга
Мова:Іспанська
Опубліковано: Barcelona, España : Paidós, 1991, c1991
Серія:(Paidós Básica ; 50)
Предмети:
Теги: Додати тег
Немає тегів, Будьте першим, хто поставить тег для цього запису!

MARC

LEADER 00000nam^a2200000^a^4500
001 000032249
005 20250521000000.0
009 20260310085112.209
020 |a 84-7509-670-0 
037 |a Acervo ITESO - Biblioteca 
041 |a ESP 
082 |a 901.  |b LEG 
100 |a Le Goff, Jacques  |e (autor) 
245 1 0 |a Pensar la historia: modernidad, presente, progreso /  |c J. Le Goff; tr. por Marta Vasallo. 
264 4 |a Barcelona, España :  |b Paidós,  |c 1991, c1991 
300 |a 269 p. 
336 |a texto  |b txt  |2 rdacontenido 
337 |a sin mediación  |b n  |2 rdamedio 
338 |a volumen  |b nc  |2 rdasoporte 
440 1 |a (Paidós Básica ;  |v 50) 
500 |a Traducción de: Storia e memoria 
520 |a Obra que se pregunta sobre la problemática que enfrenta actualmente la ciencia de la historia y que tiene que ver con la relación entre la historia y el tiempo; con la tendencia actual de los historiadores a distinguir períodos históricos de larga duración, que lleva a una historia "casi inmóvil"; con las vinculaciones entre la historia vivida y el esfuerzo científico por pensar esa evolución; con la oposición entre pasado y presente, progreso y reacción, con los valores que implica. El autor propone una historia múltiple: política, económica, social, de las representaciones de las ideologías, de las mentalidades, etc. 
649 |a XX 
650 |a Historia -  |x Filosofía 
910 |a Fondo General 
920 |a Impresos - Libros 
930 |a Colección General 
905 |a 101 
901 |a 0322490100  |b IT1  |c ACC  |i 032249  |u 20250521 
901 |a 0322490200  |b IT1  |c ACC  |i 907878  |u 20250521 
901 |a 0322490300  |b IT1  |c ACC  |i 908602  |u 20250521 
902 |a https://opac.biblio.iteso.mx/vufind/Record/000032249